German Music Artists - Statistics

General Stats
  • This quiz has been taken 3 times
  • The average score is 7 of 12
Answer Stats
Picture Answer % Correct
Die Ärzte
100%
Apache 207
67%
Deichkind
67%
Nina Chuba
67%
RIN
67%
Shirin David
67%
SXTN
67%
257ers
33%
Majan
33%
Monet192
33%
Schmyt
33%
Tua
33%
No matching quizzes found
Score Distribution
Percent of People with Each Score
Percentile by Number Answered
Your Score History
You have not taken this quiz